000
00325nam a2200133 4500
999
_c
11784
_d
11784
003
OSt
005
20230726151900.0
008
230726b ||||| |||| 00| 0 eng d
100
_a
L R Vagale
245
_a
Report of the working group on district planning
260
_b
Government of india
300
_a
95p;
942
_2
ddc